banner-ar

كتاب النغم فى الموسيقى : (Record no. 65155)

MARC details
000 -الفاتح
حقل البيانات ثابتة الطول 01098nam a22002177a 4500
005 - وقت وتاريخ اخر تعامل مع التسجيلة
رقم الضبط 20240530110810.0
008 - عناصر البيانات ثابتة الطول - معلومات عامة
حقل البيانات ثابتة الطول 190115s2008 ua a f 000 0 ara d
017 ## - رقم الايداع القانونى
رقم الايداع القانونى 2008/1984
المصدر ( الهيئة المختصة) مصر. دار الكتب
020 ## - الرقم الدولى المعيارى للكتب
الرقم الدولى المعيارى للكتاب 9771805166
040 ## - مصدر الفهرسة
وكالة الفهرسة الأصلية EG-CaGPL
وكالة النسخ EG-CaGPL
082 04 - رقم تصنيف ديوى العشرى
رقم الطبعة 21
رقم التصنيف 780 /
رقم المادة ي ك
100 0# - المدخل الرئيسى - إسم شخصى
الإسم الشخصى يحيى بن على بن يحيى المنجم
245 10 - بيان العنوان
العنوان كتاب النغم فى الموسيقى :
بقية العنوان لرسالة يحيى بن على بن يحيى المنجم المتوفى سنة 300 هـ : مذيلة بطرائق الاصوات التى تجمع النغم الثمانية والنغم العشر على ضوء ايقاعاتها وتجنيساتها كما وردت فى كتاب الاغانى /
بيان المسئوليه,etc يحيى بن على بن يحيى المنجم
250 ## - بيان الطبعة
بيان الطبعة ط.1
260 ## - PUBLICATION, DISTRIBUTION, ETC. (IMPRINT)
تاريخ النشر أو التوزيع 2008.
300 ## - الوصف المادى
التعداد 94 ص. :
تفاصيل ماديه اخرى للوعاء ايض ؛
أبعاد الوعاء 29 سم.
650 07 - المدخل الاضافى بالموضوع-مصطلح موضوعى
مصدر الرأس أو المصطلح qrmak
مصطلح موضوعي الموسيقى
651 ## - المدخل الاضافى بالموضوع - اسم جغرافى
مصدر الرأس أو المصطلح qrmak
942 ## - عناصر المدخل الإضافي( كوها)
مصدر التصنيف او مخطط الترفيف Dewey Decimal Classification
Koha [default] item type كتاب
260 ## - PUBLICATION, DISTRIBUTION, ETC. (IMPRINT)
-- القاهرة :
-- مطبعة دار الكتب و الوثائق القومية بالقاهرة ،
Holdings
حالة التراجع حالة الفقد حالة تلف ليس للاعارة المكان المؤقت الموقع الحالى موقع الترفيف تاريخ الاكتساب اجمالي اﻻعارات رقم الطلب الباركود تاريخ اخر مشاهدة تاريخ تفعيل السعر نوع وعاء كوها
        مكتبة القاهرة الكبرى مكتبة القاهرة الكبرى   04/10/2019   780 / ي ك 165780 04/10/2019 04/10/2019 كتاب

Powered By

EGPV